Statistics for Globetrotter: Smallest Bordering Country

Click here to take the quiz!

General Stats

  • This quiz has been taken 147 times
    (129 since last reset)
  • The average score is 33 of 44

Answer Stats

Country% Correct
South Africa
100%
Mozambique
88%
Swaziland
88%
Malawi
83%
Zambia
80%
Zimbabwe
78%
Angola
75%
Botswana
75%
Namibia
75%
Republic of the Congo
75%
Armenia
73%
Azerbaijan
73%
Georgia
73%
Iran
73%
Iraq
73%
Israel
73%
Jordan
73%
Kazakhstan
73%
Kyrgyzstan
73%
Lebanon
73%
Syria
73%
Tajikistan
73%
Turkey
73%
Turkmenistan
73%
Uzbekistan
73%
Benin
72%
Bhutan
72%
Burkina Faso
72%
Cameroon
72%
China
72%
Equatorial Guinea
72%
Gabon
72%
Ghana
72%
Nigeria
72%
Togo
72%
Nepal
71%
Côte d’Ivoire
70%
Guinea
70%
Guinea-Bissau
70%
India
70%
Liberia
70%
Senegal
70%
Sierra Leone
70%
Gambia
69%

Score Distribution

Percentile by Number Answered

Percent of People with Each Score

Your Score History

You have not taken this quiz since the last reset